000 00640aas a2200181 4500
999 _c50103
_d50103
001 768714001
003 CO-MdFUSB
005 20170912124303.0
008 170912s2002 ag ||||| |||| 00| 0 spa d
022 _a0326-6737
040 _aCO-MdFUSB
_bspa
_cCO-MdFUSB
_dCO-MdFUSB
041 _aspa
100 1 _aGranados, Jerónimo José
_eautor
245 1 0 _aFelipe Gueman Poma de Ayala :
_bpalabra e imagen de la cultura andina aculturada
_c/ Granados, Jerónimo José
300 _aVolumen 21 (2002), páginas 295-315
_c: 23 cm.
773 0 _tCuadernos de Teología
_049404
_959700
_gVolumen 21 (2002), páginas 295-315
_qPágina 295
942 _cANA